000 00562cam a22002053a 4500
001 39528
003 PGUSA
005 20140828083858.0
008 120424s2012||||xxu|||||s|||||000 | eng d
040 _aPGUSA
_beng
042 _adc
100 1 _aHarner, Michaell J.
245 1 0 _aMohave Pottery
_h[electronic resource] /
_cMichaell J. Harner
260 _bProject Gutenberg,
_c2012
506 _aPublic domain in the USA.
516 _aElectronic text
830 0 _aProject Gutenberg
_v39528
856 4 0 _uhttp://www.gutenberg.org/ebooks/39528
942 _cEB
999 _c268781
_d268781